Relativistic atomic collisions by Jorg Eichler and Walter E Meyerhof (Record no. 1211589)

MARC details
000 -LEADER
fixed length control field 01168nam a2200313Ia 4500
003 - CONTROL NUMBER IDENTIFIER
control field OSt
005 - DATE AND TIME OF LATEST TRANSACTION
control field 20221007123238.0
008 - FIXED-LENGTH DATA ELEMENTS--GENERAL INFORMATION
fixed length control field 221006b |||||||| |||| 00| 0 eng d
020 ## - INTERNATIONAL STANDARD BOOK NUMBER
International Standard Book Number 0122336755 (hbd)
-- 74.95
037 ## - SOURCE OF ACQUISITION
Terms of availability Textual
040 ## - CATALOGING SOURCE
Original cataloging agency PAPL
Transcribing agency PAPL
Language of cataloging eng
041 ## - LANGUAGE CODE
Source of code eng
Language code of text/sound track or separate title eng
100 ## - MAIN ENTRY--PERSONAL NAME
Personal name Eichler Jorg
9 (RLIN) 716952
245 #0 - TITLE STATEMENT
Title Relativistic atomic collisions by Jorg Eichler and Walter E Meyerhof
Remainder of title Meyerhof Walter E
260 ## - PUBLICATION, DISTRIBUTION, ETC.
Place of publication, distribution, etc. San
Name of publisher, distributor, etc. Diego Academic press
Date of publication, distribution, etc. 1995
300 ## - PHYSICAL DESCRIPTION
Extent xii,413p
Dimensions cm.
500 ## - GENERAL NOTE
General note Bibliographical references 375-399p; Index 401-413p; ^n23/CSL/Carpa/96-97/3977^d1996-08-13^mPurchase; ; 96-97/145^b1996-09-30^c3402(B)^d1996-09-13^eShankar's Book Agency Pvt Ltd; ; 1996-10-11^bSB^c1996-11-21^r1996-12-19
650 ## - SUBJECT ADDED ENTRY--TOPICAL TERM
Topical term or geographic name entry element Atomic and molecular
9 (RLIN) 713510
650 ## - SUBJECT ADDED ENTRY--TOPICAL TERM
Topical term or geographic name entry element Collision theory
9 (RLIN) 716953
650 ## - SUBJECT ADDED ENTRY--TOPICAL TERM
Topical term or geographic name entry element Nuclear
9 (RLIN) 340612
650 ## - SUBJECT ADDED ENTRY--TOPICAL TERM
Topical term or geographic name entry element Physics
700 ## - ADDED ENTRY--PERSONAL NAME
Personal name Meyerhof Walter E
9 (RLIN) 716954
942 ## - ADDED ENTRY ELEMENTS (KOHA)
Classification part C9B3:58, N5
Koha item type Textual
Source of classification or shelving scheme Colon Classification (CC)
Holdings
Withdrawn status Lost status Source of classification or shelving scheme Damaged status Not for loan Home library Current library Date acquired Source of acquisition Total Checkouts Full call number Barcode Date last seen Price effective from Koha item type
    Colon Classification (CC)     Department of Physics and Astrophysics Library Department of Physics and Astrophysics Library 2022-10-07 Shankar,   C9B3:58 N5 PA0005127 2022-10-07 2022-10-07 Textual
Copyright @ Delhi University Library System